| 000 | 00356nam a2200133Ia 4500 | ||
|---|---|---|---|
| 008 | 230222s9999||||xx |||||||||||||| ||und|| | ||
| 020 | _a393964310 | ||
| 040 | _cChuka University Library | ||
| 050 |
_aHB 172 _bM36 1994 |
||
| 100 |
_aMansfield, Edwin _9597 |
||
| 245 | 0 | _aApplied microeconomics | |
| 260 |
_aW. W. Norton & Co. _bNew York _c1994 |
||
| 942 | _cBK | ||
| 999 |
_c11088 _d11088 |
||